000 00820nam a2200301Ia 4500
003 OSt
005 20220912150640.0
006 a|||||r|||| 00| 0
007 ta
008 220909b |||||||| |||| 00| 0 eng d
020 _a0387944826 (hbd)
024 _a4441
037 _bNarosa,
037 _cTextual
040 _aCSL
_beng
_cCSL
041 _aeng
082 _aB288, N5
100 _aRosenbaum Paul R
245 0 _aObservational studies
260 _aNew York
_b Springer
_c1995
300 _axiii,230p+14 illus
490 _aSpringer series in statistics
500 _aIncludes bibliographical references; Index 229-230p
650 _a Experimental design
650 _aStatistics
942 _hB288, N5
_cTEXL
_2CC
999 _c51812
_d51812